[Event "POL-ch U16 Girls"]
[Site "Murzasichle"]
[Date "2011.03.11"]
[Round "8"]
[White "Dembinska, Karolina"]
[Black "Rozaniecka, Katarzyna"]
[Result "0-1"]
[WhiteElo "1361"]
[BlackElo "1565"]
[PlyCount "50"]
[EventDate "2011.03.05"]
[EventType "swiss"]
[EventRounds "9"]
[EventCountry "POL"]
[SourceTitle "EXT 2013"]
[Source "ChessBase"]
[SourceDate "2012.11.22"]
[SourceVersion "1"]
[SourceVersionDate "2012.11.22"]
[SourceQuality "1"]

1. e4 c6 2. Nf3 d5 3. Nc3 dxe4 4. Nxe4 Bf5 5. Ng3 Bg6 6. Bc4 e6 7. d3 Bc5 8. Be3 Bxe3 9. fxe3 Nf6 10. 0-0 Nbd7 11. Nd4 0-0 12. Qd2 Ne5 13. Bb3 Nfg4 14. Qe1 c5 15. Nf3 Nxf3+ 16. Rxf3 Qd6 17. Rd1 h5 18. h3 Nf6 19. Qe2 h4 20. Ne4 Nxe4 21. dxe4 Qe5 22. Qf2 Bh5 23. g4 hxg3 24. Qxg3 Qxg3+ 25. Rxg3 Bxd1 0-1

[Event "POL-ch U16 Girls"]
[Site "Murzasichle"]
[Date "2011.03.10"]
[Round "7"]
[White "Ner, Patrycja"]
[Black "Dembinska, Karolina"]
[Result "0-1"]
[WhiteElo "1361"]
[BlackElo "1361"]
[PlyCount "80"]
[EventDate "2011.03.05"]
[EventType "swiss"]
[EventRounds "9"]
[EventCountry "POL"]
[SourceTitle "EXT 2013"]
[Source "ChessBase"]
[SourceDate "2012.11.22"]
[SourceVersion "1"]
[SourceVersionDate "2012.11.22"]
[SourceQuality "1"]

1. e4 e5 2. Nf3 d6 3. Bc4 Be7 4. Nc3 Nc6 5. Bb5 Bd7 6. d4 exd4 7. Nxd4 Ne5 8. f4 Bxb5 9. Ncxb5 Nd7 10. g4 c6 11. Nc3 Bh4+ 12. Kf1 Qb6 13. g5 h6 14. Qd2 hxg5 15. fxg5 f6 16. Nf5 fxg5 17. Nxg7+ Kf7 18. Nf5 Rf8 19. Qe3 Qxe3 20. Bxe3 Kg6 21. Ke2 Rf6 22. Rhf1 Re6 23. Rad1 Ne5 24. Rxd6 Rxd6 25. Nxd6 Rh7 26. Bxa7 Ng4 27. h3 Ne5 28. Bd4 Bg3 29. Rf5 Nd7 30. Be3 Rh5 31. Kf3 Bxd6 32. Kg2 Ngf6 33. Rf3 Bc5 34. Bxc5 Nxc5 35. e5 Nfd7 36. b4 Ne6 37. Ne4 Nf4+ 38. Rxf4 gxf4 39. e6 Nf6 40. e7 Rh8 0-1